000 00677 a2200205 4500
010 _aENG-89818
020 _a9788175413979
_c550.00
035 _aEN-73351
037 _bDBAD / PUB
082 1 4 _a305.6970954
090 _c11760
_d11760
100 1 _aWasey, Akhtarul
245 1 _aIslamic response to contemporary challenges /
_cby Akhtarul Wasey
260 _aDelhi
_bShipra Publications
_c2008
270 _a115-A, Vikas Marg, Shakarpur
_bDelhi
_e110 092
300 _a200p.
_c22 cm (Hb )
500 _aIncludes index
942 _adpl
_cEN
_k 305.6970954 / WAS
999 _c11422
_d11422